000 00473nam a2200193Ia 4500
003 LK-CoDNM
008 010623t1986 xxu||||| |||| 00| 1 sin d
040 _aLK-CoDNM
_dLK-CoDNM
_eLK-CoDNM
041 _asin
080 _a(x)398.4(2)
100 _aKariyawasam, Tissa
245 _aබලියාග පිළිවෙළ
246 _aBaliyaaga pilivela
260 _bAuthor
_c1986
300 _b139, 22 cm
650 _aCulture
650 _aRitual
942 _cBK
999 _c113366
_d113366